00904nam a2200193Ia 4500008004100000020001500041050002000056050001400076100003500090245009700125250001800222260002900240300004400269490004800313500004200361505025200403650002100655650003400676120626s2004 mx 000 0 spa d a968368202214aF1230bL46 200414aF1230bL51 aLeón-Portilla, Migueleautor10aVisión de los vencidosb: relaciones indígenas de la conquistac/ Miguel León Portilla a24a edición3 aMéxicob: UNAMc, 2004 a236 páginasb: Ilustracionesc; 18 cm aBiblioteca del estudiante universitariov81 aIncluye ilustracion de Codices Nahuas1 aI. Presagios de la venida de los españoles II. Primeras noticias de la llegada de los españoles III. Las idas y venidas de los mensajeros IV. Actitud psicológica de Mocuhzoma V. Los españoles se ponen en marcha : Llegada Tlaxcala y Cholula10aNAHUATL - TEXTOS10aMÉXICO xHISTORIA CONQUISTA